Metternich : (Record no. 129855)

MARC details
000 -LEADER
fixed length control field 00650nam a22002177a 4500
005 - DATE AND TIME OF LATEST TRANSACTION
control field 20170124110103.0
010 ## - LIBRARY OF CONGRESS CONTROL NUMBER
LC control number 321399
020 ## - INTERNATIONAL STANDARD BOOK NUMBER
Terms of availability 00.00
035 ## - SYSTEM CONTROL NUMBER
System control number 321399
037 ## - SOURCE OF ACQUISITION
Source of stock number/acquisition Cen Lib/Ret
040 ## - CATALOGING SOURCE
Original cataloging agency DPL
Language of cataloging EN
082 ## - DEWEY DECIMAL CLASSIFICATION NUMBER
Classification number 921
Item number CAR
100 ## - MAIN ENTRY--PERSONAL NAME
Personal name Cartland, Barbara
9 (RLIN) 27585
245 ## - TITLE STATEMENT
Title Metternich :
Statement of responsibility, etc by Barbara Cartland
Remainder of title the passionate diplomat /
260 ## - PUBLICATION, DISTRIBUTION, ETC. (IMPRINT)
Place of publication, distribution, etc London
Name of publisher, distributor, etc Hutchinson
Date of publication, distribution, etc 1964
270 ## - ADDRESS
Address 178-202 Great Portland Street
300 ## - PHYSICAL DESCRIPTION
Extent 159p. :
Dimensions 21cm(Hb)
Other physical details ill.
650 ## - SUBJECT ADDED ENTRY--TOPICAL TERM
Topical term or geographic name as entry element Metternich, Clemens Wenzel Lothar, -- Fürst von, -- 1773-1859
9 (RLIN) 27586
650 ## - SUBJECT ADDED ENTRY--TOPICAL TERM
Topical term or geographic name as entry element Statesmen
9 (RLIN) 8466
942 ## - ADDED ENTRY ELEMENTS (KOHA)
Source of classification or shelving scheme Dewey Decimal Classification
Koha item type English Books
Classification part 921
Call number suffix CAR
Holdings
Withdrawn status Lost status Damaged status Not for loan Home library Current library Date acquired Source of acquisition Cost, normal purchase price Total Checkouts Full call number Barcode Date last seen Copy number Cost, replacement price Price effective from Koha item type Public note
Written off       Central Library Central Library 07/07/2015 Cen Lib/Ret 0.00   921 CAR 321399 07/07/2015 1 0.00 07/07/2015 English Books W/d List 8138/3; dtd 21/2/17

© Delhi Public Library
Hit Counter
free hit counter